[Event "Wch U16 Girls"]
[Site "Durres"]
[Date "2025.10.07"]
[Round "4"]
[White "Stankovic, Andrea"]
[Black "Castillo Beitia, Ashley Alexandra"]
[Result "1-0"]
[WhiteElo "2051"]
[BlackElo "2179"]
[PlyCount "79"]
[EventDate "2025.10.04"]
[EventType "swiss"]
[EventRounds "11"]
[EventCountry "ALB"]
[SourceTitle "CB42_2025"]
[SourceDate "2025.10.15"]
[SourceVersion "1"]
[SourceVersionDate "2025.10.15"]
[SourceQuality "1"]

1. d4 d5 2. c4 c6 3. Nf3 Nf6 4. Qb3 dxc4 5. Qxc4 b5 6. Qc2 e6 7. e4 Bb7 8. Bd3 Nbd7 9. Nbd2 Rc8 10. Nb3 c5 11. dxc5 Bxc5 12. Nxc5 Nxc5 13. Bxb5+ Kf8 14. 0-0 a6 15. Bc4 Bxe4 16. Qe2 Bd3 17. Bxd3 Qxd3 18. Qe5 Ke7 19. b3 Rhd8 20. Ba3 Rd5 21. Qb2 g5 22. Rac1 Nfe4 23. Rfe1 Nd6 24. Re5 g4 25. Ne1 Rxe5 26. Qxe5 Qe4 27. Qxe4 Ndxe4 28. b4 Nxf2 29. bxc5 Ne4 30. c6+ Kd8 31. Bb4 Kc7 32. Nd3 Kb6 33. Ne5 Nf6 34. Rb1 Nd5 35. Bd6+ Ka7 36. Rb7+ Ka8 37. Rxf7 Nc3 38. Bc5 Nb5 39. a4 Nc7 40. Bb6 1-0

[Event "Wch U16 Girls"]
[Site "Durres"]
[Date "2025.10.06"]
[Round "3"]
[White "Castillo Beitia, Ashley Alexandra"]
[Black "Skramstad, Oda Kofoed"]
[Result "1-0"]
[WhiteElo "2179"]
[BlackElo "1961"]
[PlyCount "81"]
[EventDate "2025.10.04"]
[EventType "swiss"]
[EventRounds "11"]
[EventCountry "ALB"]
[SourceTitle "CB42_2025"]
[SourceDate "2025.10.15"]
[SourceVersion "1"]
[SourceVersionDate "2025.10.15"]
[SourceQuality "1"]

1. d4 Nf6 2. c4 d6 3. Nc3 e5 4. dxe5 dxe5 5. Qxd8+ Kxd8 6. b3 Bf5 7. Bb2 c6 8. Nf3 Nbd7 9. g3 Kc7 10. Bg2 Rd8 11. 0-0 Ng8 12. Ng5 Nh6 13. e4 Bg6 14. Rfd1 Be7 15. Nf3 f6 16. Kf1 Rhe8 17. Ne1 Nc5 18. f3 a5 19. Rxd8 Rxd8 20. Rd1 Nf7 21. Ke2 Ng5 22. Bc1 Nge6 23. Rxd8 Bxd8 24. Be3 Bf7 25. Nd3 Be7 26. Bh3 Nd4+ 27. Bxd4 exd4 28. Nxc5 Bxc5 29. Na4 d3+ 30. Kxd3 Bg1 31. Ke2 Bd4 32. Kd3 Bg1 33. Nc3 Kd6 34. Ne2 Bf2 35. Bf5 g6 36. Bc8 b5 37. cxb5 cxb5 38. Nc3 Kc5 39. Bd7 a4 40. e5 f5 41. e6 1-0

[Event "World ol U16"]
[Site "Barranquilla"]
[Date "2025.08.21"]
[Round "8.1"]
[White "Lopez, Ricardo Andres"]
[Black "Castillo Beitia, Ashley Alexandra"]
[Result "0-1"]
[WhiteElo "1971"]
[BlackElo "2141"]
[PlyCount "76"]
[EventDate "2025.08.17"]
[EventType "team-swiss"]
[EventRounds "9"]
[EventCountry "COL"]
[SourceTitle "CB38_2025"]
[SourceDate "2025.09.17"]
[SourceVersion "1"]
[SourceVersionDate "2025.09.17"]
[SourceQuality "1"]
[WhiteTeam "Colombia XIX"]
[BlackTeam "Panama"]
[WhiteTeamCountry "COL"]
[BlackTeamCountry "PAN"]

1. e4 c5 2. Nf3 d6 3. d4 cxd4 4. Nxd4 Nf6 5. Nc3 a6 6. f3 e6 7. Be3 Nbd7 8. Qd2 b5 9. a4 b4 10. Nce2 d5 11. exd5 Nxd5 12. Bf2 Bb7 13. Ng3 Bd6 14. Bc4 0-0 15. 0-0 Rc8 16. Bd3 Nc5 17. Ne4 Bf4 18. Qe2 Nxd3 19. cxd3 Qe7 20. Nb3 Rfd8 21. Nbc5 a5 22. d4 Bc6 23. Nd3 Bb8 24. Ne5 Nf4 25. Qe3 Bxe4 26. Qxe4 Bxe5 27. dxe5 Nd5 28. Rac1 Qd7 29. b3 Nc3 30. Qe3 Qd5 31. Bh4 Re8 32. Rfe1 Qxb3 33. Bf6 gxf6 34. Qh6 f5 35. Qg5+ Kf8 36. Qh6+ Ke7 37. Qh4+ Kd7 38. Qd4+ Qd5 0-1

[Event "World ol U16"]
[Site "Barranquilla"]
[Date "2025.08.19"]
[Round "5.1"]
[White "Castillo Beitia, Ashley Alexandra"]
[Black "Diaz Bombino, Esley"]
[Result "1-0"]
[WhiteElo "2141"]
[BlackElo "2171"]
[PlyCount "101"]
[EventDate "2025.08.17"]
[EventType "team-swiss"]
[EventRounds "9"]
[EventCountry "COL"]
[SourceTitle "CB38_2025"]
[SourceDate "2025.09.17"]
[SourceVersion "1"]
[SourceVersionDate "2025.09.17"]
[SourceQuality "1"]
[WhiteTeam "Panama"]
[BlackTeam "Cuba II"]
[WhiteTeamCountry "PAN"]
[BlackTeamCountry "CUB"]

1. d4 Nf6 2. c4 e6 3. Nf3 b6 4. Nc3 Bb4 5. Bd2 Bb7 6. e3 0-0 7. Be2 d6 8. 0-0 Bxc3 9. Bxc3 Ne4 10. Be1 f5 11. d5 e5 12. b4 Nd7 13. Qc2 c6 14. dxc6 Bxc6 15. Nd2 Ndf6 16. f3 Nxd2 17. Qxd2 Qe7 18. a4 Rad8 19. a5 d5 20. cxd5 Nxd5 21. b5 Ba8 22. axb6 Nxb6 23. Qa2+ Rf7 24. e4 Kh8 25. Bh4 Qc5+ 26. Kh1 Rdf8 27. Bf2 Qd6 28. Rfd1 Qb8 29. Bc5 fxe4 30. Bxf8 Qxf8 31. Qxf7 Qxf7 32. Rd8+ Qg8 33. Rxg8+ Kxg8 34. Rxa7 exf3 35. Bxf3 e4 36. Be2 Bd5 37. Ra6 Nc8 38. Kg1 Kf7 39. Kf2 Bb7 40. Ra3 Ke7 41. Rc3 Kd6 42. Rh3 h6 43. Rg3 g5 44. Rh3 Ke5 45. Rxh6 Nd6 46. Rg6 e3+ 47. Kxe3 Bxg2 48. Rxg5+ Nf5+ 49. Kf2 Be4 50. Bf3 Kf4 51. Rg4+ 1-0

[Event "World ol U16"]
[Site "Barranquilla"]
[Date "2025.08.18"]
[Round "3.1"]
[White "Castillo Beitia, Ashley Alexandra"]
[Black "Hernandez Perez, Javier Francisco"]
[Result "1-0"]
[WhiteElo "2141"]
[BlackElo "1825"]
[PlyCount "59"]
[EventDate "2025.08.17"]
[EventType "team-swiss"]
[EventRounds "9"]
[EventCountry "COL"]
[SourceTitle "CB38_2025"]
[SourceDate "2025.09.17"]
[SourceVersion "1"]
[SourceVersionDate "2025.09.17"]
[SourceQuality "1"]
[WhiteTeam "Panama"]
[BlackTeam "Costa Rica"]
[WhiteTeamCountry "PAN"]
[BlackTeamCountry "CRI"]

1. d4 Nf6 2. c4 e5 3. dxe5 Ng4 4. e4 Nxe5 5. f4 Nec6 6. Be3 Bb4+ 7. Nd2 d6 8. Ngf3 Qe7 9. Bd3 Bg4 10. 0-0 0-0 11. h3 Bxd2 12. Qxd2 Bxf3 13. Rxf3 Nd7 14. b4 Qf6 15. Rb1 a5 16. a3 axb4 17. axb4 Ra3 18. b5 Nd4 19. Rf2 Nc5 20. e5 Qh4 21. Bf1 Nde6 22. Qc1 Rfa8 23. f5 Nf8 24. Rf4 Qe7 25. Bxc5 dxc5 26. Qe1 Qg5 27. Qe4 Ra1 28. Rxa1 Rxa1 29. e6 Qf6 30. e7 1-0

[Event "World ol U16"]
[Site "Barranquilla"]
[Date "2025.08.18"]
[Round "2.1"]
[White "Kiladze, Luka"]
[Black "Castillo Beitia, Ashley Alexandra"]
[Result "1-0"]
[WhiteElo "2383"]
[BlackElo "2141"]
[PlyCount "95"]
[EventDate "2025.08.17"]
[EventType "team-swiss"]
[EventRounds "9"]
[EventCountry "COL"]
[SourceTitle "CB38_2025"]
[SourceDate "2025.09.17"]
[SourceVersion "1"]
[SourceVersionDate "2025.09.17"]
[SourceQuality "1"]
[WhiteTeam "Georgia"]
[BlackTeam "Panama"]
[WhiteTeamCountry "GEO"]
[BlackTeamCountry "PAN"]

1. e4 c5 2. Nf3 d6 3. d4 cxd4 4. Qxd4 Nf6 5. Bg5 Nc6 6. Bb5 Qa5+ 7. Nc3 Qxb5 8. Nxb5 Nxd4 9. Nfxd4 Kd8 10. f3 Bd7 11. 0-0-0 e5 12. Nc3 exd4 13. Rxd4 Be7 14. Rhd1 Ke8 15. Bf4 Bc6 16. b4 b5 17. Bxd6 Nd7 18. a4 Nb6 19. axb5 Bd7 20. Bc5 Be6 21. f4 Rd8 22. Bxb6 axb6 23. Na4 Rxd4 24. Rxd4 Bd8 25. c4 Bd7 26. Nc3 g5 27. g3 gxf4 28. gxf4 Rg8 29. c5 bxc5 30. bxc5 Ba5 31. c6 Be6 32. Ra4 Rg1+ 33. Kc2 Bxc3 34. Kxc3 Rb1 35. Rb4 Rxb4 36. Kxb4 Kd8 37. Kc5 Kc8 38. f5 Bb3 39. e5 Bc2 40. e6 fxe6 41. fxe6 Bg6 42. Kd6 Be8 43. Ke7 Bg6 44. Kf8 Kc7 45. e7 Kb6 46. e8Q Bxe8 47. Kxe8 Kxb5 48. c7 1-0

[Event "Wch Blitz (Women)"]
[Site "New York"]
[Date "2024.12.30"]
[Round "7"]
[White "Castillo Beitia, Ashley Alexandra"]
[Black "Mammadzada, Gunay Vuqar Qizi"]
[Result "1/2-1/2"]
[WhiteElo "2009"]
[BlackElo "2421"]
[PlyCount "127"]
[EventDate "2024.12.30"]
[EventType "swiss (blitz)"]
[EventRounds "11"]
[EventCountry "USA"]
[SourceTitle "CB01_2025"]
[SourceDate "2025.01.01"]
[SourceVersion "1"]
[SourceVersionDate "2025.01.01"]
[SourceQuality "1"]

1. d4 Nf6 2. c4 e6 3. Nf3 d5 4. Nc3 Bb4 5. Qa4+ Nc6 6. Bg5 h6 7. Bxf6 Qxf6 8. e3 0-0 9. Be2 dxc4 10. 0-0 Bd7 11. Qc2 a6 12. Bxc4 Qe7 13. a3 Bd6 14. Rad1 Rae8 15. d5 exd5 16. Nxd5 Qd8 17. Rfe1 Bg4 18. Be2 Qc8 19. Nb6 Qe6 20. Nc4 Be7 21. h3 Bf5 22. Bd3 Bxd3 23. Rxd3 Rd8 24. Red1 Rxd3 25. Rxd3 Bf6 26. Rd2 Re8 27. b4 g6 28. Nb2 Qe4 29. Qxe4 Rxe4 30. Nd3 Be7 31. Rc2 Re6 32. Nc5 Bxc5 33. Rxc5 Rd6 34. Kh2 Rd3 35. a4 Rd7 36. b5 axb5 37. axb5 Nd8 38. Ne5 Re7 39. Nd3 Ne6 40. Rd5 c6 41. bxc6 bxc6 42. Ra5 Kg7 43. Kg3 Rc7 44. Nc5 Nxc5 45. Rxc5 g5 46. h4 Kf6 47. hxg5+ hxg5 48. Kg4 Ke6 49. Rxg5 c5 50. e4 c4 51. Rd5 f5+ 52. Kf4 c3 53. Rd1 Rc4 54. f3 c2 55. Rc1 fxe4 56. fxe4 Rc3 57. g4 Kf6 58. g5+ Kg6 59. Kg4 Rc4 60. Kf4 Rc3 61. Kg4 Rc5 62. Kf4 Rc3 63. Kg4 Rc5 64. Kf4 1/2-1/2

[Event "Wch Blitz (Women)"]
[Site "New York"]
[Date "2024.12.30"]
[Round "11"]
[White "Castillo Beitia, Ashley Alexandra"]
[Black "Nilssen, Ellen Fredericia"]
[Result "0-1"]
[WhiteElo "2009"]
[BlackElo "2181"]
[PlyCount "106"]
[EventDate "2024.12.30"]
[EventType "swiss (blitz)"]
[EventRounds "11"]
[EventCountry "USA"]
[SourceTitle "CB01_2025"]
[SourceDate "2025.01.01"]
[SourceVersion "1"]
[SourceVersionDate "2025.01.01"]
[SourceQuality "1"]

1. d4 d5 2. c4 e6 3. Nc3 a6 4. Qb3 dxc4 5. Qxc4 Nd7 6. Nf3 Ngf6 7. e4 b5 8. Qd3 Bb7 9. e5 Nd5 10. Be2 c5 11. Nxd5 Bxd5 12. 0-0 Be7 13. Be3 0-0 14. Rfd1 Qb6 15. Rac1 Rac8 16. b3 c4 17. Qb1 c3 18. Bd3 h6 19. Be4 b4 20. Bxd5 exd5 21. Qd3 Rfe8 22. Ne1 Nf8 23. f4 Qb5 24. Qc2 Nh7 25. Nd3 a5 26. f5 Qd7 27. f6 gxf6 28. Bxh6 Qg4 29. Nf2 Qg6 30. Bf4 Qxc2 31. Rxc2 fxe5 32. dxe5 Red8 33. Kf1 f6 34. Ng4 Kf7 35. Be3 f5 36. Nf2 Bg5 37. Bb6 Rd7 38. Bxa5 Rb8 39. Nd3 Be7 40. Ke2 Ng5 41. Nf4 d4 42. h4 Ne6 43. g3 Nxf4+ 44. gxf4 Rg8 45. Kd3 Rg3+ 46. Kc4 d3 47. Rf2 c2 48. Re1 d2 49. e6+ Kf6 50. Bxb4 c1Q+ 51. Rxc1 dxc1Q+ 52. Kb5 Rb7+ 53. Ka4 Rxb4+ 0-1

[Event "Wch Blitz (Women)"]
[Site "New York"]
[Date "2024.12.30"]
[Round "10"]
[White "Nurgaliyeva, Zarina"]
[Black "Castillo Beitia, Ashley Alexandra"]
[Result "1-0"]
[WhiteElo "2263"]
[BlackElo "2009"]
[PlyCount "99"]
[EventDate "2024.12.30"]
[EventType "swiss (blitz)"]
[EventRounds "11"]
[EventCountry "USA"]
[SourceTitle "CB01_2025"]
[SourceDate "2025.01.01"]
[SourceVersion "1"]
[SourceVersionDate "2025.01.01"]
[SourceQuality "1"]

1. e4 c5 2. Nf3 d6 3. d4 cxd4 4. Nxd4 Nf6 5. Bd3 g6 6. c4 Bg7 7. Nc3 0-0 8. 0-0 Nc6 9. Nde2 Nd7 10. b3 Nce5 11. Bc2 b6 12. Bb2 Bb7 13. Rb1 Rc8 14. Qd2 Nc5 15. f4 Nc6 16. Nd5 Bxb2 17. Rxb2 e6 18. Ne3 Qe7 19. f5 exf5 20. exf5 Ne4 21. Bxe4 Qxe4 22. Nd5 Qe5 23. Nec3 Qd4+ 24. Qxd4 Nxd4 25. Ne7+ Kh8 26. Nxc8 Bxc8 27. fxg6 hxg6 28. Rd2 Nf5 29. Nd5 Be6 30. Kf2 Kg7 31. g4 Nh6 32. h3 f5 33. g5 Nf7 34. h4 Ne5 35. Nf4 Bf7 36. Rxd6 Rh8 37. Kg3 Ng4 38. Re1 b5 39. Ne6+ Bxe6 40. Rexe6 Kf7 41. c5 Rc8 42. b4 a5 43. a3 axb4 44. axb4 Ra8 45. Ra6 Rd8 46. Red6 Re8 47. Rd7+ Kf8 48. c6 Re3+ 49. Kg2 Re2+ 50. Kf1 1-0

[Event "Wch Rapid (Women)"]
[Site "New York"]
[Date "2024.12.26"]
[Round "1"]
[White "Castillo Beitia, Ashley Alexandra"]
[Black "Foisor, Sabina Francesca"]
[Result "1-0"]
[WhiteElo "1927"]
[BlackElo "2296"]
[PlyCount "101"]
[EventDate "2024.12.26"]
[EventType "swiss (rapid)"]
[EventRounds "11"]
[EventCountry "USA"]
[SourceTitle "CB01_2025"]
[SourceDate "2025.01.01"]
[SourceVersion "1"]
[SourceVersionDate "2025.01.01"]
[SourceQuality "1"]

1. d4 d5 2. c4 c6 3. Nc3 Nf6 4. Nf3 a6 5. Qb3 dxc4 6. Qxc4 b5 7. Qb3 e6 8. Bg5 Be7 9. e3 0-0 10. Be2 Nbd7 11. 0-0 h6 12. Bh4 c5 13. Ne5 c4 14. Qc2 Bb7 15. Bf3 Bxf3 16. Nxf3 Nd5 17. Bg3 N7b6 18. e4 Nxc3 19. bxc3 Bd6 20. Rfd1 Bxg3 21. hxg3 Qe7 22. Ne5 Rfc8 23. Rab1 Na4 24. Rb4 f6 25. Nxc4 Ra7 26. d5 a5 27. d6 Qd8 28. Rxb5 Rxc4 29. Qb3 Nxc3 30. Rb8 Ne2+ 31. Kf1 Nxg3+ 32. fxg3 Rc8 33. Qxe6+ Kh7 34. Rxc8 Qb6 35. Qf5+ g6 36. Qxf6 Qa6+ 37. Kg1 Qxc8 38. e5 Qg4 39. Qf3 Qe6 40. Qe3 Rf7 41. Qd4 Rd7 42. Qd5 Qg4 43. e6 Rg7 44. d7 Qxg3 45. d8Q Qe3+ 46. Kh1 a4 47. Qf6 a3 48. Qxg7+ Kxg7 49. Qd4+ Qxd4 50. Rxd4 Kf6 51. Re4 1-0

[Event "Bolivarian Games Blitz"]
[Site "Lima"]
[Date "2024.12.03"]
[Round "4.7"]
[White "Castillo Beitia, Ashley Alexandra"]
[Black "Jop A, Laura Elizabeth"]
[Result "1-0"]
[WhiteElo "2009"]
[BlackElo "1673"]
[PlyCount "52"]
[EventDate "2024.12.03"]
[EventType "team (blitz)"]
[EventRounds "5"]
[EventCountry "PER"]
[SourceTitle "CB50_2024"]
[SourceDate "2024.11.01"]
[SourceVersion "1"]
[SourceVersionDate "2024.11.01"]
[SourceQuality "2"]
[WhiteTeam "Panama"]
[BlackTeam "Guatemala"]
[WhiteTeamCountry "PAN"]
[BlackTeamCountry "GUA"]

1. d4 d5 2. c4 c6 3. Nc3 Nf6 4. Nf3 g6 5. h4 h5 6. cxd5 cxd5 7. Bf4 Nc6 8. e3 a6 9. Bd3 Bg7 10. Ne5 0-0 11. 0-0 e6 12. Rc1 Nxe5 13. Bxe5 Nd7 14. Bxg7 Kxg7 15. g3 Nf6 16. Na4 Ng4 17. Be2 Nf6 18. Qb3 Re8 19. Nb6 Rb8 20. a4 Bd7 21. a5 Bc6 22. Qd1 e5 23. dxe5 Rxe5 24. Bxa6 d4 25. Qd2 d3 26. Qxd3 Qd4 1-0

[Event "Iberoamerican-ch 10th"]
[Site "Linares"]
[Date "2024.09.27"]
[Round "5"]
[White "Castillo Beitia, Ashley Alexandra"]
[Black "Ruiz Buendia, Miguel"]
[Result "0-1"]
[WhiteElo "2071"]
[BlackElo "2269"]
[PlyCount "72"]
[EventDate "2024.09.25"]
[EventType "swiss"]
[EventRounds "9"]
[EventCountry "ESP"]
[SourceTitle "EXT 2025"]
[Source "ChessBase"]
[SourceDate "2024.10.14"]
[SourceVersion "1"]
[SourceVersionDate "2024.10.14"]
[SourceQuality "1"]

1. d4 d5 2. Bf4 Nf6 3. e3 c5 4. c3 Nc6 5. Nd2 Bf5 6. a4 Qb6 7. Ra2 e6 8. Ngf3 h6 9. h3 Be7 10. Be2 0-0 11. 0-0 Rfc8 12. Nb3 c4 13. Nbd2 a6 14. Ne5 Nxe5 15. a5 Qc6 16. dxe5 Nd7 17. Nf3 Bh7 18. Bg3 Nc5 19. Nd4 Qd7 20. Re1 Rab8 21. Qa1 b5 22. axb6 Rxb6 23. Bd1 Rcb8 24. Bc2 Bxc2 25. Nxc2 Nd3 26. Rb1 Qb7 27. Kh2 h5 28. f3 h4 29. Be1 Nxe5 30. Nb4 Bxb4 31. cxb4 Nd3 32. Bxh4 Nxb4 33. Ra5 Nc2 34. Qa4 Rxb2 35. Rxb2 Qxb2 36. Bf2 Nxe3 0-1

[Event "Olympiad Women-45"]
[Site "Budapest"]
[Date "2024.09.16"]
[Round "6.49"]
[White "Nahed Salah, Siddig Jalab"]
[Black "Castillo Beitia, Ashley Alexandra"]
[Result "0-1"]
[WhiteElo "1693"]
[BlackElo "2071"]
[PlyCount "86"]
[EventDate "2024.09.11"]
[EventType "team-swiss"]
[EventRounds "11"]
[EventCountry "HUN"]
[SourceTitle "EXT 2025"]
[Source "ChessBase"]
[SourceDate "2024.10.14"]
[SourceVersion "1"]
[SourceVersionDate "2024.10.14"]
[SourceQuality "1"]
[WhiteTeam "Sudan (W)"]
[BlackTeam "Panama (W)"]
[WhiteTeamCountry "SUD"]
[BlackTeamCountry "PAN"]

1. Nf3 d5 2. d4 c6 3. g3 Nf6 4. Bg2 Bf5 5. c4 e6 6. 0-0 Be7 7. Nc3 Ne4 8. cxd5 exd5 9. Nd2 Nxd2 10. Qxd2 0-0 11. e4 dxe4 12. Nxe4 Na6 13. a3 Qd7 14. Qc3 Bh3 15. b4 Bxg2 16. Kxg2 Qd5 17. f3 Nc7 18. Bb2 Rad8 19. Rad1 f5 20. Nf2 Bf6 21. Qc5 Qxc5 22. bxc5 Rf7 23. Rd3 Rfd7 24. Rfd1 Kf7 25. a4 Ne6 26. Ba1 Bxd4 27. Bxd4 Rxd4 28. Rxd4 Rxd4 29. Rxd4 Nxd4 30. Nd3 Ke6 31. Kf2 Kd5 32. Ke3 Ne6 33. h4 Nxc5 34. Nf4+ Ke5 35. a5 Ne6 36. Ne2 g6 37. Nc3 f4+ 38. gxf4+ Nxf4 39. Kf2 Kd4 40. Ne4 b5 41. axb6 axb6 42. Kg3 Ne6 43. Nf6 b5 0-1

[Event "Olympiad Women-45"]
[Site "Budapest"]
[Date "2024.09.15"]
[Round "5.31"]
[White "Castillo Beitia, Ashley Alexandra"]
[Black "Martynkova, Olena"]
[Result "1/2-1/2"]
[WhiteElo "2071"]
[BlackElo "2176"]
[PlyCount "60"]
[EventDate "2024.09.11"]
[EventType "team-swiss"]
[EventRounds "11"]
[EventCountry "HUN"]
[SourceTitle "EXT 2025"]
[Source "ChessBase"]
[SourceDate "2024.10.14"]
[SourceVersion "1"]
[SourceVersionDate "2024.10.14"]
[SourceQuality "1"]
[WhiteTeam "Panama (W)"]
[BlackTeam "Lithuania (W)"]
[WhiteTeamCountry "PAN"]
[BlackTeamCountry "LTU"]

1. d4 Nf6 2. Bf4 g6 3. e3 Bg7 4. Nf3 0-0 5. h3 d6 6. Be2 Nc6 7. c4 Ne4 8. Nc3 f5 9. Bh2 e5 10. 0-0 exd4 11. exd4 Ng5 12. Nb5 Nxf3+ 13. Bxf3 a6 14. Bxc6 bxc6 15. Nc3 Rb8 16. Qd2 Qf6 17. Rad1 f4 18. f3 g5 19. Kh1 Bf5 20. Bg1 Rfe8 21. Rfe1 Qf7 22. b3 Bg6 23. Bf2 h6 24. Kg1 Rbd8 25. Qc1 Qf5 26. Qd2 Qc2 27. Qxc2 Bxc2 28. Rc1 Bf5 29. Red1 Kf7 30. Kf1 Rb8 1/2-1/2

[Event "Swiss Queens Wed #3"]
[Site "FIDE Online Arena INT"]
[Date "2024.02.14"]
[Round "5"]
[White "Castillo Beitia, Ashley Alexandra"]
[Black "Pinto, Niyola"]
[Result "1-0"]
[WhiteElo "1929"]
[BlackElo "1015"]
[PlyCount "61"]
[EventDate "2024.02.14"]
[EventType "swiss (blitz)"]
[EventRounds "11"]
[EventCountry "NET"]
[SourceTitle "CBM 218 Extra"]
[Source "ChessBase"]
[SourceDate "2024.03.31"]
[SourceVersion "1"]
[SourceVersionDate "2024.03.31"]
[SourceQuality "1"]

1. d4 d5 2. c4 e6 3. Nc3 c6 4. Nf3 Bd6 5. Bg5 Nf6 6. e3 0-0 7. Qc2 Nbd7 8. Rc1 h6 9. Bh4 Bb4 10. a3 Ba5 11. b4 Bc7 12. Be2 Qe7 13. 0-0 e5 14. cxd5 cxd5 15. Nxd5 Qd8 16. Nxc7 Rb8 17. dxe5 Nxe5 18. Nxe5 g5 19. Bg3 h5 20. Ng6 fxg6 21. Qxg6+ Kh8 22. Bxh5 Nxh5 23. Qxh5+ Kg8 24. Qg6+ Kh8 25. Be5+ Rf6 26. Bxf6+ Qxf6 27. Qxf6+ Kg8 28. Nd5 Bg4 29. Ne7+ Kh7 30. Qg6+ Kh8 31. Qh6# 1-0

[Event "Swiss Queens Wed #1"]
[Site "FIDE Online Arena INT"]
[Date "2024.01.31"]
[Round "6"]
[White "Castillo Beitia, Ashley Alexandra"]
[Black "Berzina, Ilze"]
[Result "1-0"]
[WhiteElo "1929"]
[BlackElo "2164"]
[PlyCount "103"]
[EventDate "2024.01.31"]
[EventType "swiss (blitz)"]
[EventRounds "11"]
[EventCountry "NET"]
[SourceTitle "CBM 218 Extra"]
[Source "ChessBase"]
[SourceDate "2024.03.31"]
[SourceVersion "1"]
[SourceVersionDate "2024.03.31"]
[SourceQuality "1"]

1. d4 d5 2. c4 c6 3. Nc3 Nf6 4. Nf3 dxc4 5. e4 b5 6. Be2 b4 7. e5 bxc3 8. exf6 cxb2 9. fxg7 Bxg7 10. Bxb2 0-0 11. Bxc4 Qb6 12. Rb1 Qb4+ 13. Nd2 Bh6 14. Bb3 Bf5 15. Ra1 a5 16. g4 Bd3 17. g5 Bg7 18. Qf3 Bg6 19. Bc3 Qd6 20. h4 Bxd4 21. h5 Qe5+ 22. Kf1 Bxc3 23. hxg6 hxg6 24. Qh3 Qg7 25. Ne4 Bxa1 26. Kg2 Nd7 27. Qxd7 Rad8 28. Qxe7 Rde8 29. Nf6+ Bxf6 30. Qxf6 Re5 31. f4 Rf5 32. Qxg7+ Kxg7 33. Kf3 Rd8 34. Rc1 Rd6 35. Rc4 Rfd5 36. Re4 Rd3+ 37. Kg4 f5+ 38. gxf6+ Kxf6 39. Re8 Rc3 40. Rf8+ Kg7 41. Rf7+ Kh6 42. Rf8 Rdd3 43. f5 Rg3+ 44. Kf4 Rgf3+ 45. Ke4 Rce3+ 46. Kd4 Rd3+ 47. Ke4 gxf5+ 48. Ke5 Rde3+ 49. Kf6 Kh7 50. Bg8+ Kh6 51. Bf7 Re7 52. Rh8# 1-0

[Event "Swiss Queens Wed #1"]
[Site "FIDE Online Arena INT"]
[Date "2024.01.31"]
[Round "3"]
[White "Castillo Beitia, Ashley Alexandra"]
[Black "Jarocka, Liwia"]
[Result "1/2-1/2"]
[WhiteElo "1929"]
[BlackElo "2194"]
[PlyCount "167"]
[EventDate "2024.01.31"]
[EventType "swiss (blitz)"]
[EventRounds "11"]
[EventCountry "NET"]
[SourceTitle "CBM 218 Extra"]
[Source "ChessBase"]
[SourceDate "2024.03.31"]
[SourceVersion "1"]
[SourceVersionDate "2024.03.31"]
[SourceQuality "1"]

1. d4 Nf6 2. c4 e6 3. Nf3 Bb4+ 4. Nbd2 b6 5. a3 Bxd2+ 6. Bxd2 Bb7 7. e3 0-0 8. Be2 c5 9. 0-0 cxd4 10. exd4 d5 11. Bc3 Nbd7 12. Re1 Rc8 13. cxd5 Nxd5 14. Qd2 N7f6 15. Rac1 Qe7 16. Ne5 Ne4 17. Qd3 Nexc3 18. bxc3 Qxa3 19. Bf3 Qe7 20. c4 Nf4 21. Qe3 Bxf3 22. Qxf3 Ng6 23. Ra1 Nxe5 24. dxe5 Rxc4 25. Qd3 Rfc8 26. Qe2 h6 27. Red1 a5 28. Qd3 Qc7 29. g3 Qxe5 30. Re1 Qc5 31. Kg2 Rc2 32. Qf3 Qf5 33. Qxf5 exf5 34. Reb1 R8c6 35. Rb5 g6 36. Rab1 a4 37. Rxb6 a3 38. Rb8+ Kg7 39. Ra8 Ra2 40. Rb3 Rcc2 41. Rf3 h5 42. Raxa3 Rxf2+ 43. Rxf2 Rxa3 44. h4 Ra4 45. Re2 Kf6 46. Rb2 f4 47. Rb6+ Kg7 48. gxf4 Rxf4 49. Kg3 Rg4+ 50. Kh3 f5 51. Rb7+ Kh6 52. Rb8 Rc4 53. Rb6 Rc3+ 54. Kg2 Rc5 55. Rb8 Rc7 56. Kg3 Rd7 57. Rc8 Rd1 58. Rb8 Rg1+ 59. Kh2 Rg4 60. Kh3 f4 61. Rb7 Rg3+ 62. Kh2 Rd3 63. Rf7 f3 64. Kg3 Rc3 65. Rxf3 Rxf3+ 66. Kxf3 Kg7 67. Ke4 Kf7 68. Kf3 Ke6 69. Ke4 Ke7 70. Ke3 Kd6 71. Kd4 Ke6 72. Ke4 Kd6 73. Kd4 Kc6 74. Ke5 Kd7 75. Kf6 Ke8 76. Kxg6 Kf8 77. Kxh5 Kg7 78. Kg5 Kh7 79. h5 Kg7 80. h6+ Kh7 81. Kh5 Kh8 82. Kg6 Kg8 83. h7+ Kh8 84. Kh6 1/2-1/2

[Event "Swiss Queens Wed #1"]
[Site "FIDE Online Arena INT"]
[Date "2024.01.31"]
[Round "9"]
[White "Castillo Beitia, Ashley Alexandra"]
[Black "Tripurambika, V."]
[Result "0-1"]
[WhiteElo "1929"]
[BlackElo "1396"]
[PlyCount "98"]
[EventDate "2024.01.31"]
[EventType "swiss (blitz)"]
[EventRounds "11"]
[EventCountry "NET"]
[SourceTitle "CBM 218 Extra"]
[Source "ChessBase"]
[SourceDate "2024.03.31"]
[SourceVersion "1"]
[SourceVersionDate "2024.03.31"]
[SourceQuality "1"]

1. d4 d5 2. c4 e6 3. Nc3 Nf6 4. cxd5 exd5 5. Bg5 Be7 6. e3 h6 7. Bh4 0-0 8. Bd3 b6 9. Qc2 Bb7 10. Nge2 c5 11. 0-0 Nc6 12. Rad1 a5 13. f3 Nb4 14. Qd2 Nxd3 15. Qxd3 Ba6 16. Qc2 cxd4 17. exd4 Rc8 18. Rfe1 Qc7 19. Bg3 Bd6 20. Bxd6 Qxd6 21. Qd2 Rfe8 22. Ng3 Qb4 23. Nf5 Kh7 24. a3 Qf8 25. g4 Bc4 26. g5 hxg5 27. Qxg5 Bb3 28. Rc1 Re6 29. Kh1 g6 30. Rxe6 fxe6 31. Ng3 Qh6 32. Qxh6+ Kxh6 33. Re1 Re8 34. Kg2 Kg7 35. Nce2 Kf7 36. Nf4 Bc4 37. Rc1 b5 38. b3 Bxb3 39. Rc7+ Re7 40. Rxe7+ Kxe7 41. Nxg6+ Kd6 42. h4 b4 43. axb4 a4 44. Nf1 a3 45. Nd2 Bc4 46. Ne5 a2 47. Nexc4+ dxc4 48. Nxc4+ Kc7 49. Na5 a1Q 0-1

[Event "Panama op 4th"]
[Site "Panama City"]
[Date "2023.11.08"]
[Round "4"]
[White "Neira Rodriguez, Carlos Fernando"]
[Black "Castillo Beitia, Ashley Alexandra"]
[Result "1/2-1/2"]
[WhiteElo "1996"]
[BlackElo "1830"]
[PlyCount "62"]
[EventDate "2023.11.06"]
[EventType "swiss"]
[EventRounds "9"]
[EventCountry "PAN"]
[SourceTitle "CBM 217 Extra"]
[Source "ChessBase"]
[SourceDate "2024.01.31"]
[SourceVersion "1"]
[SourceVersionDate "2024.01.31"]
[SourceQuality "1"]

1. e4 c5 2. Nf3 d6 3. d4 cxd4 4. Nxd4 Nf6 5. Nc3 g6 6. Be3 Bg7 7. f3 0-0 8. Qd2 Nc6 9. 0-0-0 d5 10. exd5 Nxd5 11. Nxc6 bxc6 12. Bd4 e5 13. Bc5 Re8 14. Ne4 Qc7 15. h4 f5 16. Nd6 Rd8 17. Nxc8 Raxc8 18. h5 Nb6 19. Bxb6 axb6 20. Bc4+ Kf8 21. Qb4+ c5 22. Qb3 Rd6 23. Rxd6 Qxd6 24. hxg6 Rd8 25. Qd3 Qf6 26. Qe3 Qxg6 27. g4 fxg4 28. fxg4 Qxg4 29. Rf1+ Ke8 30. Be2 Qg6 31. Kb1 Ke7 1/2-1/2